00527nam a2200145Ia 4500008004100000100001100041245011000052245002600162260001600188300001000204650001300214856006200227999001900289952007300308170221s9999 xx 000 0 und d aYan Lu aToo Good to be True? An Analysis of the Options Market's Reactions to Earnings Releases (pages 830–848) cYan Lu and Sugata Ray cAugust 2016 a5 : 3 xBusiness uhttp://onlinelibrary.wiley.com/doi/10.1111/jbfa.12214/pdf c309866d309866 001040aCLbCLd2017-02-21l0r2017-02-21 00:00:00w2017-02-21yFOJ